| 000 | 00394nam a2200157Ia 4500 | ||
|---|---|---|---|
| 008 | 210210b1903 xxu||||| |||| 00| 0 eng d | ||
| 041 | _aeng | ||
| 082 | _a829/1117 | ||
| 100 | _aTHACKERAY (W M) | ||
| 245 | _aYellowplush correspondence | ||
| 260 |
_aLondon _bMacmillan & Co. Ltd. _c1903 |
||
| 650 | _aYellowplush | ||
| 650 | _acorrespondence | ||
| 690 | _aEnglish Fiction | ||
| 906 | _a017730 | ||
| 999 |
_c137714 _d137714 |
||